=LDR 00000nam 2200000 4500 =001 INLIS000000000003973 =005 20250617093108 =035 ##$$a 0010-0625000178 =007 ta =008 250617################f##########0#ind## =082 ##$$a 304.660 212 =084 ##$$a 304.660 212 BAD m =245 1#$$a Monografi Gerakan Keluarga Berencana Nasional Propinsi Bengkulu Tahun 1993 /$c BADAN KOORDINASI KELUARGA BERENCANA NASIONAL =260 ##$$a Bengkulu :$b Badan Koordinasi Keluarga Berencana Nasional Propinsi Bengkulu,$c 1994 =300 ##$$a 45 hlm. =650 #4$$a Monografi =110 2#$$a BADAN KOORDINASI KELUARGA BERENCANA NASIONAL PROPINSI BENGKULU =856 ##$$a Perpustakaan Kemendukbangga